Правовая поддержка рекламы и защита интеллектуальной собственности: научно-практический сборник

Dades bibliogràfiques
Altres autors: Гольцблат А. А. (редактор)
Sumari:Книга представляет собой сборник статей, посвященных вопросам соблюдения прав на объекты интеллектуальной собственности в рекламе. Предметом исследования юристов компании «Пепеляев, Гольцблат и партнеры» стали правовые проблемы рекламной деятельности начиная, с защиты товарного знака до налогообложения рекламных акций и розыгрышей призов. В публикуемых в сборнике статьях рассматриваются правовые средства и механизмы защиты объектов интеллектуальной собственности, гражданско-правовая ответственность за незаконное использование товарного знака, особенности регистрации товарного знака в России, методы противодействия контрафактной продукции и многие другие вопросы. В свете недавно принятого Федерального закона «О рекламе» особое внимание уделено новым ограничениям на способы продвижения отдельных товаров и услуг, в том числе алкоголя, табачных изделий, игорного бизнеса. Сборник предназначен для юристов рекламных компаний, а также для рекламодателей и владельцев товарных знаков.
Idioma:rus
Publicat: Москва, Альпина Бизнес Букс, 2007
Col·lecció:Библиотека юридической компании "Пепеляев, Гольцблат и партнеры"
Matèries:
Format: MixedMaterials Llibre
KOHA link:https://koha.lib.tpu.ru/cgi-bin/koha/opac-detail.pl?biblionumber=120264

MARC

LEADER 00000nam0a2200000 4500
001 120264
005 20231101215609.0
010 |a 5961404692 
035 |a (RuTPU)RU\TPU\book\130212 
090 |a 120264 
100 |a 20070823d2007 km y0rusy50 ca 
101 0 |a rus 
102 |a RU 
105 |a y z 000zy 
200 1 |a Правовая поддержка рекламы и защита интеллектуальной собственности  |e научно-практический сборник  |f под ред. А. А. Гольцблата 
210 |a Москва  |c Альпина Бизнес Букс  |d 2007 
215 |a 120 с. 
225 1 |a Библиотека юридической компании "Пепеляев, Гольцблат и партнеры" 
330 |a Книга представляет собой сборник статей, посвященных вопросам соблюдения прав на объекты интеллектуальной собственности в рекламе. Предметом исследования юристов компании «Пепеляев, Гольцблат и партнеры» стали правовые проблемы рекламной деятельности начиная, с защиты товарного знака до налогообложения рекламных акций и розыгрышей призов. В публикуемых в сборнике статьях рассматриваются правовые средства и механизмы защиты объектов интеллектуальной собственности, гражданско-правовая ответственность за незаконное использование товарного знака, особенности регистрации товарного знака в России, методы противодействия контрафактной продукции и многие другие вопросы. В свете недавно принятого Федерального закона «О рекламе» особое внимание уделено новым ограничениям на способы продвижения отдельных товаров и услуг, в том числе алкоголя, табачных изделий, игорного бизнеса. Сборник предназначен для юристов рекламных компаний, а также для рекламодателей и владельцев товарных знаков. 
606 1 |a Авторское право  |2 stltpush  |3 (RuTPU)RU\TPU\subj\1355  |9 30139 
610 1 |a право 
610 1 |a гражданское право 
610 1 |a реклама 
610 1 |a интеллектуальная собственность 
610 1 |a защита 
610 1 |a правовая поддержка 
610 1 |a расходы 
610 1 |a нарушения 
610 1 |a контрафактная продукция 
675 |a 659  |v 3 
686 |a Х623.3  |v LBC/SL-A  |2 rubbk 
702 1 |a Гольцблат  |b А. А.  |4 340 
801 1 |a RU  |b 63413507  |c 20070823  |g PSBO 
801 2 |a RU  |b 63413507  |c 20200821  |g PSBO 
942 |c BK 
959 |a 48/20070816  |d 1  |e 223,00  |f ЧЗГЛ:1